LEADER 01562nam a2200289 i 4500 001 000000143299 003 CaOOAMICUS 005 20050928000000.0 008 050928s1905 fr u000 u mul u 013 $a118657 040 $aSeMil$bita 240 10$a[Parte] 1. : Mois de Sanę.$0(OLS)http://semarc/title/209736 245 13$aLe Synaxaire éthiopien :$bles mois de Sanę, Hamlę et Nahasę /$cpubliés et traduits par Ignazio Guidi ; avec le concours de L. Desnoyers et A. Singlas. 260 $aParis :$bFirmin-Didot,$c1905. 300 $a187 p. ;$c28 cm. 490 0 $aPatrologia Orientalis ;$vTome1., fasc. 5, N° 5 500 $aPagine numerate anche come parte della sequenza dell'intero volume : P. [519]-705. - Rilegato con i fascicoli del Tome 1 in un unico volume. 650 4$aPadri della Chiesa - Etiopia.$0(OLS)http://semarc/subject/28175 650 4$aSinossario etiopico - Traduzione Etiope-Francese.$0(OLS)http://semarc/subject/28184 700 1 $aGuidi, Ignazio,$d<1844-1935>.$0(OLS)http://semarc/name/9839 700 1 $aSinglas, A.$0(OLS)http://semarc/name/57481 700 1 $aDesnoyers, Louis <1874-1928>.$0(OLS)http://semarc/name/13497 830 0$aPatrologia orientalis ;$vTome1., fasc. 5, N° 5.$0(OLS)http://semarc/title/11167 850 $aSeMil 852 $aSeMil$W1$xVenegono$y1$mSL2.C II 4/5$j96413$B96413$CSeMilBibl$Z2$F103605 $8I 996 $6245$aLe Synaxaire éthiopien :$bles mois de Sanę, Hamlę et Nahasę$9(OLS)http://semarc/title/209735 996 $6260$aParis :$bFirmin-Didot$9(OLS)http://semarc/publisher/44713 LEADER 01746nam a2200325 i 4500 001 000000344265 003 CaOOAMICUS 005 20210812142103.0 008 210211s2020 be a u100 u fre u 013 $a233173 020 $a978-2-503-58015-9 040 $aSeMil$bita 245 00$aReligions et alimentation :$bnormes alimentaires, organisation sociale et représentations du monde : [actes de trois journées d'études de 2014 et de 2015] /$cédité par Rémi Gounelle, Anne-Laure Zwilling et Yves Lehmann ; index établis par Thibault Foulon. 264 1$aTurnhout :$bBrepols,$c2020. 300 $a375 p. :$bill., facs. ;$c24 cm 490 1 $aHomo religiosus. Série 2 ;$v20 546 $aContributi in francese e inglese 650 4$aAlimentazione - Aspetti religiosi.$0(OLS)http://semarc/subject/28081 650 4$aReligione e alimentazione.$0(OLS)http://semarc/subject/49987 700 1 $aFoulon, Thibault.$0(OLS)http://semarc/name/113031 700 1 $aLehmann, Yves.$0(OLS)http://semarc/name/84723 700 1 $aZwilling, Anne-Laure.$0(OLS)http://semarc/name/72783 700 1 $aGounelle, Rémi,$d<1967- >.$0(OLS)http://semarc/name/28507 830 0$aHomo religiosus. Série 2 ;$v20.$0(OLS)http://semarc/title/11871 850 $aSeMil 852 $aSeMil$W1$xVenegono$y1$m2BA I 20$j227871$B235300$CSeMilBibl$Z2$F235300 $81 996 $6020$a978-2-503-58015-9$9(OLS)http://semarc/number/292352 996 $6245$aReligions et alimentation :$bnormes alimentaires, organisation sociale et représentations du monde : [actes de trois journées d'études de 2014 et de 2015]$9(OLS)http://semarc/title/433358 996 $6264$aTurnhout :$bBrepols$9(OLS)http://semarc/publisher/29626